Kuwait: thinking of a move? (Record no. 30107)

MARC details
000 -LEADER
fixed length control field 00830cab a2200193 4500
001 - CONTROL NUMBER
control field ABS44567
008 - FIXED-LENGTH DATA ELEMENTS--GENERAL INFORMATION
fixed length control field 090401t1991 xxu||||| |||| 00| 0 eng d
035 ## - SYSTEM CONTROL NUMBER
System control number (Sirsi) u47826
041 ## - LANGUAGE CODE
Language code of text/sound track or separate title eng
100 ## - MAIN ENTRY--PERSONAL NAME
Personal name Booth, S.
245 ## - TITLE STATEMENT
Title Kuwait: thinking of a move?
260 ## - PUBLICATION, DISTRIBUTION, ETC.
Date of publication, distribution, etc. 1991
350 ## - PRICE (NR) (BK AM CF MU VM SE) [OBSOLETE]
Price 0
490 ## - SERIES STATEMENT
Series statement Civil Engineering Surveyor
Volume/sequential designation 16(4) May 1991, 8-10(3)
520 ## - SUMMARY, ETC.
Summary, etc. Two linked articles describe the conditions prevalent in Kuwait , for Britons who may be posted there to work on post war rebuilding projects. Details of the legal and commercial infrastructure are outlined, along with a brief history and social comment. Insurance arrangements in so far as they affect the construction industry form the content of the second section.
690 ## - LOCAL SUBJECT ADDED ENTRY--TOPICAL TERM (OCLC, RLIN)
Topical term or geographic name as entry element OVERSEAS-REST OF THE WORLD
942 ## - ADDED ENTRY ELEMENTS (KOHA)
Suppress in OPAC 0
948 ## - LOCAL PROCESSING INFORMATION (OCLC); SERIES PART DESIGNATOR (RLIN)
c (OCLC) 04/03/1997
Holdings
Withdrawn status Lost status Source of classification or shelving scheme Damaged status Not for loan Home library Current library Shelving location Date acquired Total Checkouts Full call number Barcode Date last seen Copy number Price effective from Koha item type
    Dewey Decimal Classification     London London Journal article 14/09/1999   ABS44567 47826-1001 06/08/2019 1 06/08/2019 Journal article